000 00601nam a22001937a 4500
005 20251108175644.0
008 250721s2018 xx 000 0 ara d
082 1 4 _aط/616.02/سين
100 1 _aسين، بينيتا
245 1 0 _aالحمى /
264 1 _aبيروت :
_bالمكتبة الحديثة ناشرون،
_c2018.
300 _a24ص.
490 0 _aسلسلة نتمنى لك الشفاء العاجل
650 1 7 _aالاسعاف الاولي
650 1 7 _aالوقاية الصحية
653 _aناشئون صغار (10-14) سنة
942 _2ddc
_cBK
999 _c139274
_d139274